1637 1909 1536 1534 1738 1805 1250 1223 1432 1458 1217 1747 1143 1870 1320 1618 1522 1933 1550 1320 1929 1046 1919 1449 2000 1064 1486 1870 1591 1220 1514 1868 1364 1094 1266 1202 1541 1373 1519 1809 1729 1735 1685 1844 1344 1185 1903 1895 1853 1181 1405 1313 1634 1404 1508 1671 1085 1452 1010 1045 1359 1212 1284 1528 1096 1255 1093 1447 1254 1880 1064 1000 1957 1921 1748 1320 1196 1368 1640 1618 1606 1238 1441 1427 1537 1459 1857 1751 1912 1779 1637 1766 1633 1314 1030 1009 1805 1336 1933 BCNSPRNW ULIB Ver.6.0+V

เปลี่ยนเป็นภาษาไทย

Change to English
 แสดงรายละเอียดบรรณานุกรม
  กลับหน้าหลัก

Brief Record : Get Marc (ISO 2709) : E-mail record : QR code < ปิดหน้าต่าง
LEADER : 00000nam 2200000uu 4500
001    13399129216
003     ULIB
008    260511s2026||||th 000 0 tha d
020    ^a9781975239053
060  4 ^aWY160^bB789P
100 1  ^aBoyd, Mary ann
245 1  ^aPsychiatric nursing :^bcontemporary practice^c/ Mary Ann Boyd, Rebecca Luebbert.
246 3   ^acontemporary practice
250    ^a8th ed.
260    ^aPhiladelphia : ^bWolters Kluwer,^c2026.
300    ^axx, 908 p. :^bill.
505 0  ^aUnit I. Mental health care in contemporary society. 1, Psychiatric-mental health nursing and evidence-based practice. 2, Mental health and mental disorders: fighting stigma & promoting recovery. 3, Cultural and spiritual issues related to mental health care. 4, Patient rights and legal issues. 5, Mental health care in the community -- Unit II. Foundations of psychiatric nursing. 6, Ethics, standards, and nursing frameworks. 7, Psychosocial theoretic basis of psychiatric nursing. 8, Biologic foundations of psychiatric nursing. 9, Recovery framework for mental health nursing -- Unit III. Contemporary psychiatric nursing practice. 10, Communication and the therapeutic relationship. 11, The psychiatric-mental health nursing process. 12, Psychopharmacology, dietary supplements, and biologic interventions. 13, Cognitive interventions in psychiatric nursing. 14, Group interventions. 15, Family assessment and interventions -- Unit IV. Mental health across the life span. 16, Mental health promotion for children and adolescents. 17, Mental Health promotion for young and middle-aged adults. 18, Mental health promotion for older adults -- Unit V. Prevention of mental disorders. 19, Stress and mental health. 20, Management of anger, aggression, and violence. 21, Crisis, loss, grief, response, bereavement, and disaster management. 22, Suicide prevention: screening, assessment, and intervention. 23, Mental health care for survivors of violence -- Unit VI. Care and recovery for persons with mental disorders. 24, Schizophrenia and related disorders: nursing care of persons with thought disorders. 25, Depression: nursing care of persons with depressive moods and suicidal behavior. 26, Bipolar disorders: nursing care of persons with mood lability. 27, Anxiety disorders: nursing care of patients with anxiety, phobia, and panic. 28, Obsessive-compulsive and related disorders: nursing care of persons with obsessions and compulsions. 29, Trauma- and stressor-related disorders: nursing care of persons with posttraumatic stress and other trauma-related disorders. 30, Personality and impulse-control disorders: nursing care of persons with personality and impulse-control disorders. 31, Addiction and substance use-related disorders: nursing care of persons with alcohol and drug use disorders. 32, Eating disorders: nursing care of persons with eating and weight-related disorders. 33, Somatic symptom and dissociative disorders: nursing care of persons with somatization. 34, Sleep-wake disorders: nursing care of persons with insomnia and sleep problems. 35, Sexual disorders: nursing care of persons with sexual dysfunctions and paraphilias -- Unit VII. Care of children and adolescents. 36, Mental health assessment of children and adolescents. 37, Mental health disorders of childhood and adolescence -- Unit VIII. Care of older adults. 38, Mental health assessment of older adults. 39, Neurocognitive disorders -- Unit IX. Care of special populations. 40, Care for veterans with mental health needs. 41, Care of persons who are experiencing homelessness and mental illness. 42, Care of persons with co-occurring mental disorders. 43, Care of persons who are medically compromised.
650  0 ^aNursing.
650  0 ^aPsychiatric nursing.
650  2 ^aMental Disorders nursing
650  2 ^aMental disorders^xNursing
650  2 ^aNursing care^xMethods
650  2 ^aPsychiatric nursing^xMethods
650 0  ^aNursing^xPsychiatric
695    ^aHealth Sciences.
700 1  ^aLuebbert, Rebecca
856    ^auhttp://archive.lib.cmu.ac.th/newbook/health/nurse/2022/b1666
999    ^aประนอม เกษจรัล
รายการนี้ยังไม่มีแท็ก
คุณยังไม่ได้ล็อกอิน คุณสามารถมีกิจกรรมร่วมกับเว็บไซต์ได้ แต่ต้องล็อกอินก่อน ::
  ล็อกอิน

รายการสื่อสารสนเทศ

ลำดับที่ ประเภท เลขเรียก/บาร์โค้ด สถานที่ สถานะ
1. Book การพยาบาล
หนังสือสำรอง
สถานะ=หนังสือสำรอง
WY160 B789P ฉ.1 
  Barcode: 012202
ห้องสมุดวิทยาเขตสวรรค์ประชารักษ์
►หนังสือทั่วไป
บนชั้น
*เพิ่งรับคืน

รายการใกล้เคียง
    หัวเรื่อง [Nursing.]
    หัวเรื่อง [Psychiatric nursing.]

BibComment


ยังไม่เคยถูกคอมเมนท์

คอมเมนท์ทรัพยากรรายการนี้
  คอมเมนท์: Psychiatric nurs..


 Copyright 2026. Bcnsprnw @Library